UBT Library

Easy writer : (Record no. 44025)

000 -LEADER
fixed length control field 00646cam a2200217 a 4500
001 - CONTROL NUMBER
control field 13990761
005 - DATE AND TIME OF LATEST TRANSACTION
control field 20180302070524.0
008 - FIXED-LENGTH DATA ELEMENTS--GENERAL INFORMATION
fixed length control field 050603s2006 mau 001 0 eng
010 ## - LIBRARY OF CONGRESS CONTROL NUMBER
LC control number 2005928579
020 ## - INTERNATIONAL STANDARD BOOK NUMBER
International Standard Book Number 0312433093
040 ## - CATALOGING SOURCE
Original cataloging agency DLC
Transcribing agency DLC
Modifying agency DLC
041 ## - LANGUAGE CODE
Language code of text/sound track or separate title eng
080 ## - UNIVERSAL DECIMAL CLASSIFICATION NUMBER
Universal Decimal Classification number 808.042
082 00 - DEWEY DECIMAL CLASSIFICATION NUMBER
Classification number 808.042 LUN
Edition number 22
100 1# - Rafti
Rafti 25
101 ## - Shkurtesa
Shkurtesa EDU
245 10 - TITLE STATEMENT
Title Easy writer :
Statement of responsibility, etc Andrea A. Lunsford ; with a section for multilingual writers by Franklin E. Horowitz.
906 ## - LOCAL DATA ELEMENT F, LDF (RLIN)
a 7
b cbc
c orignew
d 3
e epcn
f 20
g y-gencatlg
942 ## - ADDED ENTRY ELEMENTS (KOHA)
Source of classification or shelving scheme
Item type Books
Holdings
Withdrawn status Lost status Source of classification or shelving scheme Damaged status Not for loan Collection code Permanent location Current location Shelving location Date acquired Total Checkouts Full call number Barcode Date last seen Price effective from Koha item type
          Koleksioni i përgjithshem UBT - Lipjan UBT - Lipjan Koleksioni i lëndeve mesimore 03/02/2018   808.042 LUN 002-3000812 03/02/2018 03/02/2018 Books
UBT Library © 2015-2024. All rights reserved University Education for Business and Technology